000 00440nam a2200181Ia 4500
001 18916
005 20260306171705.0
008 260306s9999||||xx |||||||||||||| ||und||
041 _aESP
082 _a658.562
_bE391
100 _aEvans, James R.
_eAUT
245 0 _aAdministración y control de la calidad
260 _c2015
300 _axxi, 697 páginas :
_c27 cm.
650 _aGEN
654 _aCAN
942 _cLIB
_dJUS
_fJUS
_2ddc
_n
999 _c18916
_d18916